Name the UK roller coaster 2024 - Statistics

General Stats
  • This quiz has been taken 107 times
  • The average score is 41 of 76
Answer Stats
Picture Answer % Correct
The Smiler
91%
Oblivion
88%
Galactica
85%
Stealth
85%
Hyperia
83%
Wickerman
83%
Nemesis Reborn
82%
Rita
82%
Spinball Whizzer
82%
The Swarm
82%
Thirteen
82%
Colossus
80%
Nemesis Inferno
80%
Saw
80%
The Dragon
80%
The Wave
80%
Big One
78%
Hero
78%
Runaway Mine Train
78%
Mumbo Jumbo
77%
Sik
75%
Flying Fish
74%
Grand National
74%
Icon
74%
Mandrill Mayhem
74%
Octonauts
74%
Vampire
74%
Dragons Fury
72%
Infusion
68%
Avalanche
66%
Gold Rush
65%
Minifigure Speedway
65%
Rattlesnake
65%
Storm Chaser
65%
The Walking Dead
65%
Revolution
63%
Big Dipper
60%
Accelerator
58%
Steeplechase
58%
Nickelodeon Streak
55%
Rage
55%
Duplo Dino
54%
Velociraptor
54%
Cobra
52%
Kumali
52%
Velocity
52%
Odyssey
51%
Speed No Limits
48%
Megafobia
46%
Troublesome Trucks
45%
Flight of the Pterosaur
43%
Dragons Apprentice
42%
Millenium
42%
Blue Flyer
38%
Cat-O-Pillar
38%
G Force
38%
Farmyard Flyer
34%
Runaway Train
32%
Dino Chase
28%
Jormungandr
26%
Zooom
25%
Green Scream
20%
Rhombus Rocket
20%
Treetops
20%
Twistosaurus
17%
Barnstormer
15%
Go Gator
15%
Mighty Mini Mega
15%
Creepy Crawler
14%
The Ladybird
14%
Dino Roller
12%
Kiddi-Koasta
11%
Crocodile Coaster
8%
Spinning Racer
8%
Klondike Gold Mine
3%
The Little Dipper
3%
No matching quizzes found
Score Distribution
Percent of People with Each Score
Percentile by Number Answered
Your Score History
You have not taken this quiz